000 00455nam a22001217a 4500
008 230612b xxu||||| |||| 00| 0 eng d
082 _a100001570
_b352.4908 KEN
245 _aThe Appropriation Accounts and Other Public Accounts Details Excluding Accounts of the Funds of the Republic of Kenya for the Year2005/2006
_cGovernment of Kenya
260 _aKenya
_bGovernment of Kenya
_c2006
300 _a537 p
710 _bGovernment of Kenya
942 _2ddc
_cBK
999 _c1082
_d1082